Engineering chemi ry (Record no. 132478)

000 -LEADER
fixed length control field 00318nam a2200109Ia 4500
008 - FIXED-LENGTH DATA ELEMENTS--GENERAL INFORMATION
fixed length control field 220120s9999||||xx |||||||||||||| ||und||
100 ## - MAIN ENTRY--PERSONAL NAME
Personal name Jain, M.K Iyengar, S.R.K and Jain, R.K
9 (RLIN) 3498
245 #0 - TITLE STATEMENT
Title Engineering chemi ry
260 ## - PUBLICATION, DISTRIBUTION, ETC.
Place of publication, distribution, etc. Dhanapathrai publishing
Name of publisher, distributor, etc. Hydrabad
Date of publication, distribution, etc. 2007
300 ## - PHYSICAL DESCRIPTION
Extent x;485
Other physical details 375
650 ## - SUBJECT ADDED ENTRY--TOPICAL TERM
Topical term or geographic name entry element MECHANICAL
Holdings
Withdrawn status Lost status Damaged status Not for loan Collection code Home library Current library Date acquired Barcode Date last seen Price effective from Koha item type
        Humanity Science Central Library Central Library 01/20/2022 ST134 01/20/2022 01/20/2022 Scheduled Tribe Book Bank

Powered by Koha